[Event "4NCL Division 1b"]
[Site "Hinckley Island ENG"]
[Date "2014.01.12"]
[Round "4.156"]
[White "Shaw, John K"]
[Black "Townsend, M Paul"]
[Result "1/2-1/2"]
[WhiteElo "2427"]
[BlackElo "2241"]
[PlyCount "134"]
[EventDate "2014.01.12"]
[WhiteTeam "Wood Green HK 1"]
[BlackTeam "White Rose 1"]

1. e4 e6 2. d4 d5 3. Nd2 c5 4. exd5 Qxd5 5. Ngf3 cxd4 6. Bc4 Qd6 7. O-O Nf6 8.
Nb3 Nc6 9. Nbxd4 Nxd4 10. Qxd4 Qxd4 11. Nxd4 Bd7 12. Be2 O-O-O 13. c4 e5 14.
Nb3 Kb8 15. f4 e4 16. h3 h5 17. Be3 h4 18. Rad1 Be7 19. Kf2 Nh5 20. Nc5 Bc6 21.
Rxd8+ Bxd8 22. Rd1 Ng3 23. Nd7+ Kc8 24. Ne5 Be8 25. Rd2 f6 26. Bg4+ f5 27. Bd1
g5 28. c5 Bc7 29. Kg1 Bxe5 30. fxe5 f4 31. Bg4+ Kc7 32. Bd4 e3 33. Rc2 Bg6 34.
e6 Rd8 35. Be5+ Kc6 36. Bf3+ Be4 37. Bf6 Re8 38. e7 Kd7 39. Bg4+ Kc6 40. Rc4
Bd5 41. Rd4 f3 42. gxf3 Ne2+ 43. Kf1 Nxd4 44. Bxd4 Rxe7 45. b3 e2+ 46. Ke1 Be6
47. Bf6 Re8 48. Bxg5 Bxg4 49. fxg4 Kxc5 50. Bxh4 Kb4 51. Bf6 Re4 52. g5 Rh4 53.
g6 Rxh3 54. g7 Rg3 55. Kxe2 Ka3 56. Kf2 Rg6 57. Ke3 Kxa2 58. Ke4 Kxb3 59. Kf5
Rxg7 60. Bxg7 b5 61. Ke4 a5 62. Kd5 a4 63. Kc5 b4 64. Kb5 a3 65. Bf6 a2 66. Ba1
Ka3 67. Kc4 b3 1/2-1/2

[Event "4NCL Division 1b"]
[Site "Hinckley Island ENG"]
[Date "2014.01.12"]
[Round "4.157"]
[White "Weller, Jean-Luc"]
[Black "Emms, John M"]
[Result "0-1"]
[WhiteElo "2201"]
[BlackElo "2447"]
[PlyCount "186"]
[EventDate "2014.01.12"]
[WhiteTeam "White Rose 1"]
[BlackTeam "Wood Green HK 1"]

1. d4 c5 2. d5 g6 3. Nc3 d6 4. e4 Bg7 5. Nf3 Bg4 6. Be2 Nf6 7. Nd2 Bxe2 8. Qxe2
O-O 9. O-O Nfd7 10. Nc4 Nb6 11. Ne3 Na6 12. Bd2 Nc7 13. a4 Qd7 14. Rfb1 a5 15.
Ra3 Rfb8 16. Nb5 Nxb5 17. axb5 c4 18. Rxa5 Rxa5 19. Bxa5 Qxb5 20. Bxb6 Qxb6 21.
Qxc4 Bd4 22. Nd1 Ra8 23. c3 Bf6 24. Ne3 h5 25. Nc2 Kg7 26. g3 h4 27. Kg2 Rh8
28. Ne3 Bg5 29. Nc2 hxg3 30. hxg3 Rh2+ 31. Kxh2 Qxf2+ 32. Kh3 Qxc2 33. Qf1 Qxe4
34. c4 Bf6 35. Re1 Qc2 36. Qe2 Qc3 37. Rf1 b6 38. Rf2 Qb4 39. Kh2 Be5 40. Qf3
Bf6 41. b3 Qe1 42. Re2 Qd1 43. Rf2 Qe1 44. Kg2 Qc1 45. Qd3 Qa1 46. Rd2 Bc3 47.
Rd1 Qb2+ 48. Kf3 Be5 49. Qe3 Qh2 50. Rg1 Qh5+ 51. Kg2 Qg4 52. Rf1 f5 53. Qf3
Qd4 54. Re1 Qd2+ 55. Re2 Qg5 56. b4 Qc1 57. Qd3 Kf7 58. Qb3 Kf6 59. Qd3 Kf7 60.
Rc2 Qe1 61. c5 bxc5 62. bxc5 dxc5 63. Rxc5 Qa1 64. Rc2 Bd4 65. Qf1 Qa3 66. Qe2
Qd6 67. Qf3 Kg7 68. Rc6 Qb4 69. Qe2 Bc5 70. Qe5+ Kh7 71. Qe2 Bd6 72. Rc4 Qb3
73. Rh4+ Kg7 74. Qf3 Qa2+ 75. Kh1 Qa1+ 76. Kh2 Qa2+ 77. Kh1 Qd2 78. Rc4 Bxg3
79. Qc3+ Qxc3 80. Rxc3 Bd6 81. Re3 Kh6 82. Kg2 g5 83. Rh3+ Kg6 84. Re3 g4 85.
Rc3 f4 86. Rc8 Kf5 87. Rg8 f3+ 88. Kf2 Kf4 89. Rf8+ Ke4 90. Rc8 g3+ 91. Kf1 g2+
92. Kf2 Bg3+ 93. Kg1 Be5 0-1

[Event "4NCL Division 1b"]
[Site "Hinckley Island ENG"]
[Date "2014.01.12"]
[Round "4.158"]
[White "Arakhamia-Grant, Ketevan E"]
[Black "Maroroa, Sue Y"]
[Result "1-0"]
[WhiteElo "2388"]
[BlackElo "2113"]
[PlyCount "67"]
[EventDate "2014.01.12"]
[WhiteTeam "Wood Green HK 1"]
[BlackTeam "White Rose 1"]

1. e4 e5 2. Nf3 Nc6 3. Bb5 a6 4. Ba4 Nf6 5. d3 d6 6. c3 Be7 7. Nbd2 O-O 8. O-O
b5 9. Bb3 Nb8 10. Re1 Nbd7 11. Nf1 Nc5 12. Bc2 Re8 13. d4 exd4 14. cxd4 Ne6 15.
d5 Nf8 16. Nd4 Bd7 17. Ng3 Qc8 18. Bd2 Qb7 19. Ngf5 c5 20. dxc6 Bxc6 21. Nxc6
Qxc6 22. Bc3 N8d7 23. Rc1 Kf8 24. Bb3 Qb6 25. Qd2 Ne5 26. Ba5 Qa7 27. Rc7 Qb8
28. Nxe7 Rxe7 29. Qxd6 Ned7 30. Bb4 Kg8 31. Qxe7 Qxc7 32. Qxf7+ Kh8 33. e5 Ng4
34. Qf3 1-0

[Event "4NCL Division 1b"]
[Site "Hinckley Island ENG"]
[Date "2014.01.12"]
[Round "4.161"]
[White "Turner, Matthew J"]
[Black "Dearing, Edward J"]
[Result "1-0"]
[WhiteElo "2509"]
[BlackElo "2417"]
[PlyCount "75"]
[EventDate "2014.01.12"]
[WhiteTeam "Barbican 4NCL 1"]
[BlackTeam "Cambridge University 1"]

1. d4 d5 2. c4 c6 3. Nf3 Nf6 4. e3 g6 5. Nc3 Bg7 6. Bd3 O-O 7. O-O e6 8. b3 b6
9. e4 dxe4 10. Bxe4 Nxe4 11. Nxe4 f5 12. Neg5 h6 13. Nh3 g5 14. Ne5 Bb7 15. Ba3
c5 16. Re1 Nd7 17. Nxd7 Qxd7 18. dxc5 Qc6 19. f3 bxc5 20. Qe2 Bd4+ 21. Kh1 e5
22. Bb2 e4 23. Ng1 Rfe8 24. Bxd4 cxd4 25. Qd2 Rad8 26. Qa5 g4 27. fxe4 fxe4 28.
Qh5 Bc8 29. Ne2 d3 30. Nc3 e3 31. Qa5 Bb7 32. Nd5 e2 33. Rg1 Rxd5 34. cxd5 Qxd5
35. Qd2 h5 36. Rae1 h4 37. Qf4 Re4 38. Qf6 1-0

[Event "4NCL Division 1b"]
[Site "Hinckley Island ENG"]
[Date "2014.01.12"]
[Round "4.162"]
[White "Bisby, Daniel L"]
[Black "Cox, John J"]
[Result "0-1"]
[WhiteElo "2327"]
[BlackElo "2395"]
[PlyCount "94"]
[EventDate "2014.01.12"]
[WhiteTeam "Cambridge University 1"]
[BlackTeam "Barbican 4NCL 1"]

1. e4 e6 2. d4 d5 3. Nd2 Nf6 4. e5 Nfd7 5. f4 c5 6. Ngf3 Nc6 7. Nb3 Qb6 8. c3
a5 9. dxc5 Nxc5 10. Be3 a4 11. Nbd4 a3 12. b3 Bd7 13. Be2 Ne4 14. Rc1 Nxd4 15.
Bxd4 Bc5 16. O-O Rc8 17. Qd3 O-O 18. Kh1 Bxd4 19. Nxd4 Rc7 20. Bf3 Nc5 21. Qe3
Rfc8 22. f5 exf5 23. Bxd5 Ne6 24. Nxf5 Qxe3 25. Nxe3 Rxc3 26. Rce1 Bb5 27. Nc4
Bxc4 28. bxc4 Rc2 29. Rb1 Rc7 30. Rb6 g5 31. Bxe6 fxe6 32. Rxe6 Rxa2 33. h4 Rb2
34. Re8+ Kg7 35. Rff8 a2 36. Rg8+ Kf7 37. Rgf8+ Kg7 38. Rg8+ Kf7 39. Rgf8+ Kg6
40. Rg8+ Kf5 41. Rxg5+ Ke4 42. Rg4+ Ke3 43. Rg3+ Ke2 44. Ra3 Rb1+ 45. Kh2 a1=Q
46. Rxa1 Rxa1 47. e6 Ra6 0-1

[Event "4NCL Division 1b"]
[Site "Hinckley Island ENG"]
[Date "2014.01.12"]
[Round "4.163"]
[White "D'Costa, Lorin AR"]
[Black "Camus de Solliers, Guillaume"]
[Result "1-0"]
[WhiteElo "2406"]
[BlackElo "2351"]
[PlyCount "65"]
[EventDate "2014.01.12"]
[WhiteTeam "Barbican 4NCL 1"]
[BlackTeam "Cambridge University 1"]

1. c4 e5 2. g3 Nc6 3. Nc3 g6 4. Bg2 Bg7 5. e4 d6 6. Nge2 Nf6 7. d3 O-O 8. O-O
Nd7 9. Be3 Nd4 10. Rb1 Nc5 11. b4 Nce6 12. Qd2 f5 13. f4 c6 14. exf5 gxf5 15.
b5 Bd7 16. bxc6 bxc6 17. fxe5 dxe5 18. Bh6 Rb8 19. Nxd4 exd4 20. Ne2 Qc7 21.
Rbe1 Qd6 22. Bh3 Rb2 23. Qxb2 Bxh6 24. Bxf5 Be3+ 25. Kg2 Nf4+ 26. Nxf4 Bxf5 27.
Qe2 Qd7 28. Qh5 Kh8 29. Ng6+ Bxg6 30. Rxf8+ Kg7 31. Qf3 Qe7 32. Rf4 Bxd3 33.
Rxd4 1-0

[Event "4NCL Division 1b"]
[Site "Hinckley Island ENG"]
[Date "2014.01.12"]
[Round "4.164"]
[White "Mah, Karl CC"]
[Black "Ferguson, Mark"]
[Result "1/2-1/2"]
[WhiteElo "2404"]
[BlackElo "2416"]
[PlyCount "82"]
[EventDate "2014.01.12"]
[WhiteTeam "Cambridge University 1"]
[BlackTeam "Barbican 4NCL 1"]

1. Nf3 d5 2. d4 Nf6 3. c4 c6 4. e3 e6 5. Bd3 Nbd7 6. Nbd2 Bd6 7. O-O O-O 8. e4
e5 9. cxd5 cxd5 10. Re1 h6 11. exd5 exd4 12. Ne4 Nb6 13. Bb1 Bb4 14. Nxf6+ Qxf6
15. Qd3 g6 16. Rd1 Rd8 17. Bxh6 Rxd5 18. h4 Bf5 19. Qb3 Bc5 20. Bg5 Qe6 21. Re1
Qc8 22. Bd3 Bxd3 23. Qxd3 Qf5 24. Re4 Rf8 25. g4 Qd7 26. Bf6 Qc6 27. g5 Nd7 28.
Bxd4 Bxd4 29. Rxd4 Rxd4 30. Nxd4 Qd5 31. Re1 Ne5 32. Qe4 Qxd4 33. Qxe5 Qxh4 34.
Re3 Rd8 35. Kg2 Qg4+ 36. Rg3 Qc4 37. Rh3 Qd5+ 38. Qxd5 Rxd5 39. Rg3 Kf8 40. Kf1
Ke7 41. Ke2 Ke6 1/2-1/2

[Event "4NCL Division 1b"]
[Site "Hinckley Island ENG"]
[Date "2014.01.12"]
[Round "4.165"]
[White "Franklin, Samuel GA"]
[Black "Eckersley-Waites, Adam"]
[Result "1-0"]
[WhiteElo "2306"]
[BlackElo "2285"]
[PlyCount "59"]
[EventDate "2014.01.12"]
[WhiteTeam "Barbican 4NCL 1"]
[BlackTeam "Cambridge University 1"]

1. e4 c5 2. Nf3 d6 3. d4 cxd4 4. Nxd4 Nf6 5. Nc3 g6 6. Be3 Bg7 7. f3 Nc6 8. Qd2
O-O 9. Bc4 Bd7 10. O-O-O Rc8 11. Bb3 Ne5 12. Kb1 a6 13. h4 h5 14. g4 hxg4 15.
h5 Nxh5 16. Rdg1 Qa5 17. Bh6 Bf6 18. fxg4 Bxg4 19. Bf4 e6 20. Bxe5 Qxe5 21.
Rxg4 Qxd4 22. Qh6 Bg7 23. Rxg6 fxg6 24. Bxe6+ Rf7 25. Qxg6 Rcc7 26. Rxh5 Kf8
27. Bxf7 Rxf7 28. Rf5 Bf6 29. a3 b5 30. e5 1-0

[Event "4NCL Division 1b"]
[Site "Hinckley Island ENG"]
[Date "2014.01.12"]
[Round "4.166"]
[White "Bukojemski, Adam"]
[Black "Dorrington, Chris J"]
[Result "0-1"]
[WhiteElo "2227"]
[BlackElo "2326"]
[PlyCount "116"]
[EventDate "2014.01.12"]
[WhiteTeam "Cambridge University 1"]
[BlackTeam "Barbican 4NCL 1"]

1. e4 c5 2. Nf3 d6 3. d4 cxd4 4. Nxd4 Nc6 5. c4 g6 6. Nc3 Bg7 7. Be3 Nf6 8. h3
O-O 9. Be2 Be6 10. O-O Rc8 11. b3 a6 12. Rc1 Qa5 13. Qd3 Bd7 14. Rfd1 Rfd8 15.
Nxc6 Bxc6 16. b4 Qxb4 17. Rb1 Qa5 18. Bb6 Qe5 19. Bxd8 Nxe4 20. Ba5 Nxc3 21.
Bxc3 Qxc3 22. Qxc3 Bxc3 23. Rb3 Bf6 24. Rb6 Kf8 25. Rdb1 Bd4 26. Rxb7 Bxb7 27.
Rxb7 Rc5 28. a4 Rf5 29. Bf3 Bc5 30. Rb2 Rf4 31. Rc2 a5 32. Bc6 Rd4 33. g3 Rd3
34. Kg2 e6 35. Be4 Rb3 36. h4 Ke7 37. Bc6 f5 38. Re2 Kf6 39. Bd7 e5 40. f3 Rc3
41. Bb5 Ke7 42. Ba6 Kd7 43. Bb5+ Kc7 44. Ba6 Rc1 45. Bb5 Bd4 46. Kh2 Kb6 47.
Ra2 Kc5 48. g4 fxg4 49. fxg4 e4 50. Kg3 Be5+ 51. Kg2 Rc3 52. Kf1 Rh3 53. Re2 e3
54. Rg2 Rxh4 55. Ke2 Kd4 56. g5 Rh2 57. Rxh2 Bxh2 58. Bc6 Bf4 0-1

[Event "4NCL Division 1b"]
[Site "Hinckley Island ENG"]
[Date "2014.01.12"]
[Round "4.167"]
[White "Collinson, Adam R"]
[Black "McClement, Andrew"]
[Result "1/2-1/2"]
[WhiteElo "2386"]
[BlackElo "2183"]
[PlyCount "23"]
[EventDate "2014.01.12"]
[WhiteTeam "Barbican 4NCL 1"]
[BlackTeam "Cambridge University 1"]

1. e4 c5 2. Nf3 d6 3. Bc4 Nf6 4. d3 Nc6 5. O-O e6 6. Nc3 Be7 7. a3 O-O 8. Rb1
a6 9. Bd2 b5 10. Ba2 Bb7 11. b4 d5 12. exd5 1/2-1/2

[Event "4NCL Division 1b"]
[Site "Hinckley Island ENG"]
[Date "2014.01.12"]
[Round "4.168"]
[White "Chevannes, Sabrina L"]
[Black "Lauterbach, Ingrid"]
[Result "1-0"]
[WhiteElo "2176"]
[BlackElo "2112"]
[PlyCount "121"]
[EventDate "2014.01.12"]
[WhiteTeam "Cambridge University 1"]
[BlackTeam "Barbican 4NCL 1"]

1. d4 d6 2. Nf3 Nd7 3. c4 Ngf6 4. Nc3 g6 5. g3 Bg7 6. Bg2 c6 7. O-O O-O 8. e4
e5 9. Re1 Re8 10. h3 Qc7 11. d5 Nb6 12. Qe2 Bd7 13. dxc6 bxc6 14. Be3 Nc8 15.
Rad1 Be6 16. Ng5 h6 17. Nxe6 fxe6 18. h4 Rb8 19. b3 d5 20. exd5 cxd5 21. Nb5
Qb7 22. Qd2 e4 23. Bxh6 Bxh6 24. Qxh6 Qf7 25. Nc3 Nb6 26. Nb5 Ng4 27. Qf4 Qxf4
28. gxf4 a6 29. Nc7 Re7 30. Nxa6 Rf8 31. c5 Nc8 32. f3 exf3 33. Bxf3 Rxf4 34.
Bg2 d4 35. Rxe6 Rxe6 36. Bd5 Rfe4 37. Nc7 Kf7 38. Nxe6 Rxe6 39. Rxd4 Nf6 40.
Bc4 Ke7 41. Bxe6 Kxe6 42. b4 Ke5 43. Rd8 Na7 44. Ra8 Nb5 45. a4 Nd4 46. b5 Nf3+
47. Kf2 Nxh4 48. c6 Ne4+ 49. Ke2 Nc3+ 50. Kd3 Nd5 51. Re8+ Kf6 52. a5 Nf5 53.
Rd8 Ke6 54. Kc4 Nd6+ 55. Kc5 Ne4+ 56. Kd4 Nd6 57. b6 Ne7 58. c7 Nc6+ 59. Kd3
Ne5+ 60. Ke2 Nec4 61. b7 1-0

[Event "4NCL Division 1b"]
[Site "Hinckley Island ENG"]
[Date "2014.01.12"]
[Round "4.171"]
[White "Fernandez, Daniel H"]
[Black "Gordon, Stephen J"]
[Result "1/2-1/2"]
[WhiteElo "2369"]
[BlackElo "2516"]
[PlyCount "71"]
[EventDate "2014.01.12"]
[WhiteTeam "e2e4.org.uk 1"]
[BlackTeam "3Cs 1"]

1. d4 d5 2. c4 c6 3. Nf3 Nf6 4. e3 Bg4 5. h3 Bh5 6. cxd5 Bxf3 7. Qxf3 cxd5 8.
Qd1 Nc6 9. Be2 e6 10. O-O Bd6 11. Nc3 O-O 12. Bd2 Qe7 13. Qb3 Rfc8 14. Rac1
Rab8 15. Nb5 Ne4 16. Nxd6 Nxd2 17. Nxc8 Rxc8 18. Qa4 Nxf1 19. Bxf1 Qd8 20. Rc5
Qb6 21. Qc2 Qd8 22. Bd3 g6 23. Qa4 Qb6 24. b4 a6 25. a3 Qd8 26. Qc2 Ne7 27. a4
Rxc5 28. Qxc5 Nc8 29. e4 dxe4 30. Bxe4 b6 31. Qe5 Ne7 32. b5 axb5 33. axb5 h5
34. g3 Kf8 35. Kg2 Kg8 36. Kg1 1/2-1/2

[Event "4NCL Division 1b"]
[Site "Hinckley Island ENG"]
[Date "2014.01.12"]
[Round "4.172"]
[White "Ashton, Adam G"]
[Black "Sowray, Peter J"]
[Result "1-0"]
[WhiteElo "2384"]
[BlackElo "2354"]
[PlyCount "65"]
[EventDate "2014.01.12"]
[WhiteTeam "3Cs 1"]
[BlackTeam "e2e4.org.uk 1"]

1. e4 e6 2. d4 d5 3. Nc3 Bb4 4. e5 c5 5. a3 Bxc3+ 6. bxc3 Ne7 7. Qg4 Qc7 8. Bd3
Nbc6 9. Nf3 c4 10. Be2 Ng6 11. Nh4 Nxh4 12. Qxh4 O-O 13. Qg3 f6 14. exf6 Qxg3
15. f7+ Rxf7 16. hxg3 Bd7 17. Bf4 Rf6 18. Kd2 Be8 19. Rae1 Bg6 20. Bg4 Re8 21.
Re2 Bf5 22. Bf3 h6 23. Bxd5 g5 24. Bxc6 bxc6 25. Be5 Rf7 26. Rxh6 Rh7 27. Rxh7
Kxh7 28. Re1 Re7 29. Rb1 Be4 30. f3 Bd5 31. Bf6 Rd7 32. Bxg5 Kg6 33. Bf4 1-0

[Event "4NCL Division 1b"]
[Site "Hinckley Island ENG"]
[Date "2014.01.12"]
[Round "4.173"]
[White "Jackson, James P"]
[Black "Longson, Alexander"]
[Result "1-0"]
[WhiteElo "2282"]
[BlackElo "2348"]
[PlyCount "97"]
[EventDate "2014.01.12"]
[WhiteTeam "e2e4.org.uk 1"]
[BlackTeam "3Cs 1"]

1. e4 e5 2. Nf3 Nc6 3. Bb5 a6 4. Ba4 Nf6 5. O-O Be7 6. Re1 b5 7. Bb3 d6 8. c3
O-O 9. h3 Nb8 10. d4 Nbd7 11. Nbd2 Bb7 12. Bc2 Re8 13. b3 Bf8 14. d5 c6 15. c4
b4 16. Nf1 cxd5 17. cxd5 Nc5 18. N3d2 a5 19. Nc4 Ba6 20. Nfd2 g6 21. Nb2 Bh6
22. Ndc4 Bxc1 23. Rxc1 Bxc4 24. Nxc4 Ra6 25. Bd3 Ra8 26. Bc2 Ra6 27. Qd2 Nfd7
28. Bd3 Nxd3 29. Qxd3 Qa8 30. Nb2 Nc5 31. Qd2 Rc8 32. Rc4 Rf8 33. Nd3 Nd7 34.
Rec1 Nf6 35. Qe3 Kg7 36. Nb2 Nd7 37. Na4 Nf6 38. f3 Rd8 39. Rc6 Ne8 40. Kh2 h6
41. h4 h5 42. Qg5 Ra7 43. R1c2 Nf6 44. Nb6 Qb8 45. Nc4 a4 46. Rb6 Rb7 47. Rxb7
Qxb7 48. Ne3 axb3 49. Nf5+ 1-0

[Event "4NCL Division 1b"]
[Site "Hinckley Island ENG"]
[Date "2014.01.12"]
[Round "4.174"]
[White "Milliet, Sophie"]
[Black "Crouch, Colin S"]
[Result "1/2-1/2"]
[WhiteElo "2390"]
[BlackElo "2334"]
[PlyCount "91"]
[EventDate "2014.01.12"]
[WhiteTeam "3Cs 1"]
[BlackTeam "e2e4.org.uk 1"]

1. e4 Nc6 2. d4 e5 3. dxe5 Nxe5 4. Nf3 Nxf3+ 5. Qxf3 Qf6 6. Qg3 Bb4+ 7. c3 Bc5
8. Bd3 d6 9. O-O Qg6 10. b4 Qxg3 11. hxg3 Bb6 12. Nd2 a6 13. Nc4 Ba7 14. Be3 b5
15. Bxa7 bxc4 16. Bd4 cxd3 17. Bxg7 f6 18. Bxh8 Kf7 19. Rfd1 Bb7 20. Rxd3 Ne7
21. Bxf6 Kxf6 22. f3 Ng6 23. Kf2 Ne5 24. Rd4 a5 25. b5 Nd7 26. Rh1 Kg7 27. a4
Re8 28. Rh5 Nb6 29. g4 Bc8 30. f4 Nd7 31. Rc4 Nc5 32. Rhxc5 dxc5 33. Rxc5 Kf8
34. Rxc7 Bxg4 35. b6 h5 36. b7 Rb8 37. c4 Ke8 38. c5 Kd8 39. Rh7 Bd7 40. Rxh5
Rxb7 41. c6 Bxc6 42. Rxa5 Bxe4 43. Rb5 Rg7 44. g3 Bc6 45. Rb4 Ra7 46. g4
1/2-1/2

[Event "4NCL Division 1b"]
[Site "Hinckley Island ENG"]
[Date "2014.01.12"]
[Round "4.175"]
[White "Ross, Chris N"]
[Black "Horton, Andrew P"]
[Result "1/2-1/2"]
[WhiteElo "2227"]
[BlackElo "2095"]
[PlyCount "73"]
[EventDate "2014.01.12"]
[WhiteTeam "e2e4.org.uk 1"]
[BlackTeam "3Cs 1"]

1. d4 Nf6 2. c4 e6 3. Nc3 Bb4 4. Qc2 Nc6 5. Nf3 d6 6. Bd2 O-O 7. a3 Bxc3 8.
Bxc3 Qe7 9. b4 e5 10. d5 Nb8 11. e3 a5 12. Be2 axb4 13. axb4 Rxa1+ 14. Bxa1
Nbd7 15. O-O b5 16. Nd2 Nb6 17. e4 bxc4 18. Nxc4 Nxc4 19. Qxc4 Ne8 20. f4 exf4
21. Rxf4 f5 22. exf5 Bxf5 23. h3 Rf7 24. Kh2 Bg6 25. Bf3 Qe3 26. Rxf7 Bxf7 27.
Bb2 h6 28. Bc1 Qe7 29. Bf4 Nf6 30. Bg3 Bh5 31. Bxh5 Nxh5 32. Qg4 Qf7 33. Qc8+
Kh7 34. b5 Nxg3 35. Kxg3 Qxd5 36. Qxc7 Qxb5 37. Qxd6 1/2-1/2

[Event "4NCL Division 1b"]
[Site "Hinckley Island ENG"]
[Date "2014.01.12"]
[Round "4.176"]
[White "Walton, Alan J"]
[Black "Eden, Tomer"]
[Result "0-1"]
[WhiteElo "2083"]
[BlackElo "2212"]
[PlyCount "90"]
[EventDate "2014.01.12"]
[WhiteTeam "3Cs 1"]
[BlackTeam "e2e4.org.uk 1"]

1. d4 Nf6 2. Bg5 e6 3. e3 c5 4. c3 h6 5. Bh4 cxd4 6. exd4 Be7 7. Nf3 b6 8. Bd3
Bb7 9. O-O O-O 10. Nbd2 d6 11. Qe2 Nbd7 12. Ne4 Bxe4 13. Bxe4 Nxe4 14. Qxe4 d5
15. Qg4 Bxh4 16. Qxh4 Qxh4 17. Nxh4 b5 18. Nf3 Rab8 19. a3 a5 20. Rfe1 Rfc8 21.
Ne5 Nxe5 22. Rxe5 b4 23. axb4 axb4 24. Re3 bxc3 25. bxc3 Rb2 26. g3 Rc2 27. Ra3
g5 28. h3 Kg7 29. g4 Rc7 30. Kg2 Kg6 31. Rb3 h5 32. Ra3 h4 33. Rf3 Rc1 34. Ra8
Kg7 35. Ra3 Rb7 36. Re3 Rbb1 37. Ra7 Kg6 38. Ra8 Rh1 39. Rg8+ Kf6 40. f4 Rbg1+
41. Kf2 Rf1+ 42. Kg2 gxf4 43. g5+ Ke7 44. Rd3 Rhg1+ 45. Kh2 Rg3 0-1

[Event "4NCL Division 1b"]
[Site "Hinckley Island ENG"]
[Date "2014.01.12"]
[Round "4.177"]
[White "Jaunooby, Ali Reza"]
[Black "Horton, Jamie A"]
[Result "1-0"]
[WhiteElo "2142"]
[BlackElo "2017"]
[PlyCount "47"]
[EventDate "2014.01.12"]
[WhiteTeam "e2e4.org.uk 1"]
[BlackTeam "3Cs 1"]

1. d4 Nf6 2. Nf3 e6 3. Bg5 h6 4. Bh4 c5 5. e3 cxd4 6. exd4 Be7 7. Nbd2 b6 8.
Bd3 Bb7 9. c3 O-O 10. Qe2 Re8 11. O-O-O d6 12. g4 Nd5 13. Bg3 Nd7 14. h4 g6 15.
Ne4 Nf8 16. Bb5 Nc7 17. Bxe8 Nxe8 18. Bf4 Kh7 19. Nfd2 Nd7 20. f3 Rc8 21. Rde1
a6 22. Ng5+ Kg8 23. Nxf7 Kxf7 24. Qxe6+ 1-0

[Event "4NCL Division 1b"]
[Site "Hinckley Island ENG"]
[Date "2014.01.12"]
[Round "4.178"]
[White "Burton, Graham P"]
[Black "Norinkeviciute, Rasa"]
[Result "0-1"]
[WhiteElo "2048"]
[BlackElo "2007"]
[PlyCount "92"]
[EventDate "2014.01.12"]
[WhiteTeam "3Cs 1"]
[BlackTeam "e2e4.org.uk 1"]

1. e4 c5 2. Nf3 d6 3. d4 cxd4 4. Nxd4 Nf6 5. Nc3 a6 6. Bc4 e6 7. Bb3 b5 8. f4
Qc7 9. O-O Bd7 10. f5 e5 11. Nf3 Qa7+ 12. Kh1 h6 13. Qd3 Bc6 14. Nd5 Nbd7 15.
Be3 Qb7 16. c4 bxc4 17. Bxc4 Bxd5 18. Bxd5 Nxd5 19. Qxd5 Qxd5 20. exd5 Nf6 21.
Rfd1 Rb8 22. Rd2 Rb5 23. Rad1 Kd7 24. h3 Ne4 25. Rc2 Ng3+ 26. Kh2 Nxf5 27. Bf2
Ne7 28. Rdc1 Nxd5 29. a4 Rb7 30. Rd2 Ke6 31. Rc6 Nb4 32. Rc8 g6 33. Bg3 Bg7 34.
Rc1 Rhb8 35. Re1 Nc6 36. Red1 Bf8 37. Rc1 Nb4 38. Re1 f6 39. Bf2 d5 40. Bg3 Bd6
41. Nd4+ Kd7 42. Nf3 Rc8 43. Ree2 Rbc7 44. Nh4 Rg8 45. Nf3 h5 46. Bf2 e4+ 0-1

[Event "4NCL Division 1b"]
[Site "Hinckley Island ENG"]
[Date "2014.01.12"]
[Round "4.181"]
[White "Batchelor, Peter J"]
[Black "Zhou, Yang-Fan"]
[Result "0-1"]
[WhiteElo "2143"]
[BlackElo "2468"]
[PlyCount "116"]
[EventDate "2014.01.12"]
[WhiteTeam "Grantham Sharks 2"]
[BlackTeam "Guildford 2"]

1. d4 g6 2. Nf3 Bg7 3. g3 d6 4. Bg2 Nd7 5. O-O e5 6. c4 Ne7 7. Nc3 O-O 8. e4
exd4 9. Nxd4 Nc6 10. Nde2 a5 11. h3 Re8 12. Be3 Nc5 13. Rc1 a4 14. Rc2 Be6 15.
Rd2 Qc8 16. Bxc5 dxc5 17. Nxa4 b6 18. b3 Bxh3 19. Nac3 Bg4 20. f3 Be6 21. f4
Bh3 22. e5 Bxg2 23. Kxg2 Nb4 24. a4 f6 25. exf6 Bxf6 26. Nd5 Nxd5 27. Rxd5 Qe6
28. Ng1 Rad8 29. f5 Qe4+ 30. Qf3 Rxd5 31. cxd5 g5 32. Qxe4 Rxe4 33. Nf3 g4 34.
Nd2 Rd4 35. Nc4 Rxd5 36. Rh1 Rd3 37. Rb1 Rc3 38. a5 bxa5 39. Nxa5 Be5 40. Re1
Rxg3+ 41. Kh1 Bc3 42. Re8+ Kf7 43. Ra8 Rf3 44. Nc4 Rxf5 45. Ra7 Be5 46. Nxe5+
Rxe5 47. Rxc7+ Kg6 48. Kg2 h5 49. Rb7 h4 50. b4 Re2+ 51. Kf1 Rc2 52. bxc5 h3
53. Kg1 g3 54. Rb1 Kg5 55. c6 h2+ 56. Kh1 Kg4 57. c7 Kh3 58. c8=B+ Rxc8 0-1

[Event "4NCL Division 1b"]
[Site "Hinckley Island ENG"]
[Date "2014.01.12"]
[Round "4.182"]
[White "Smerdon, David"]
[Black "Varnam, Liam D"]
[Result "1-0"]
[WhiteElo "2523"]
[BlackElo "2113"]
[PlyCount "79"]
[EventDate "2014.01.12"]
[WhiteTeam "Guildford 2"]
[BlackTeam "Grantham Sharks 2"]

1. e4 c5 2. Nf3 Nc6 3. c3 d5 4. exd5 Qxd5 5. d4 Nf6 6. Be3 cxd4 7. cxd4 e6 8.
a3 Be7 9. Nc3 Qd6 10. Bd3 O-O 11. O-O b6 12. Qe2 Bb7 13. Rad1 Rfd8 14. Rfe1 a6
15. Bg5 h6 16. Bc1 b5 17. Bb1 b4 18. Ne4 Qd5 19. Qd3 Nxe4 20. Rxe4 f5 21. Ree1
Bf6 22. Be3 b3 23. Qf1 Na5 24. Bd3 Qd6 25. Ne5 Bxe5 26. dxe5 Qb8 27. Bd2 Rd5
28. Bc3 Qd8 29. Be2 Qb6 30. Bxa5 Qxa5 31. Bc4 Rxe5 32. Bxe6+ Kh8 33. Bxb3 Rae8
34. Rxe5 Qxe5 35. Bf7 Rf8 36. Bc4 Qxb2 37. Rb1 Qc3 38. Rxb7 Re8 39. Rb3 Qd2 40.
Rb1 1-0

[Event "4NCL Division 1b"]
[Site "Hinckley Island ENG"]
[Date "2014.01.12"]
[Round "4.183"]
[White "Mangione, Claudio"]
[Black "Hambleton, Aman"]
[Result "1-0"]
[WhiteElo "2178"]
[BlackElo "2481"]
[PlyCount "83"]
[EventDate "2014.01.12"]
[WhiteTeam "Grantham Sharks 2"]
[BlackTeam "Guildford 2"]

1. c4 c5 2. g3 e6 3. Bg2 d5 4. Nf3 d4 5. e3 Ne7 6. exd4 cxd4 7. O-O Nec6 8. d3
Be7 9. Na3 O-O 10. Nc2 a5 11. Nd2 Na6 12. f4 f5 13. Nf3 Bf6 14. b3 Qb6 15. Bd2
Nc5 16. Be1 Nb4 17. Bxb4 axb4 18. Qd2 Na6 19. a3 Nc5 20. Rfb1 bxa3 21. Nxa3 Bd7
22. b4 Na4 23. c5 Qc7 24. Nc4 Bc6 25. Re1 Bd5 26. Nfe5 Nc3 27. Qf2 Rxa1 28.
Rxa1 Rd8 29. Qe1 g5 30. Nd6 gxf4 31. Nef7 f3 32. Bxf3 Bxf3 33. Nxd8 e5 34. Ne6
Qb8 35. Qf2 e4 36. dxe4 fxe4 37. Nxe4 Nxe4 38. Qxf3 Qe5 39. Nf4 Nc3 40. Ra8+
Kf7 41. Qxb7+ Be7 42. Qf3 1-0

[Event "4NCL Division 1b"]
[Site "Hinckley Island ENG"]
[Date "2014.01.12"]
[Round "4.184"]
[White "Flear, Glenn C"]
[Black "Birtwistle, Nigel"]
[Result "1-0"]
[WhiteElo "2471"]
[BlackElo "2144"]
[PlyCount "81"]
[EventDate "2014.01.12"]
[WhiteTeam "Guildford 2"]
[BlackTeam "Grantham Sharks 2"]

1. d4 Nf6 2. c4 c5 3. d5 b5 4. cxb5 a6 5. bxa6 g6 6. Nc3 Bxa6 7. Nf3 Bg7 8. e4
Bxf1 9. Kxf1 d6 10. g3 Nbd7 11. Kg2 O-O 12. a4 Qb6 13. Ra3 Rfb8 14. Qc2 Ne8 15.
h4 h5 16. Nb5 Nc7 17. Nxc7 Qxc7 18. b3 Ne5 19. Nxe5 Bxe5 20. Bd2 Qb6 21. Rb1
Qa6 22. Be1 Rb7 23. a5 Rab8 24. Ra4 Bf6 25. Qc4 Qxc4 26. Rxc4 Rxb3 27. Rxb3
Rxb3 28. Ra4 Rb8 29. Kf3 Kf8 30. Ke2 Ke8 31. Kd3 Kd7 32. a6 Ra8 33. Kc4 e6 34.
Ra3 Bd8 35. Bd2 e5 36. f4 f6 37. f5 gxf5 38. exf5 Bb6 39. g4 hxg4 40. h5 Ba7
41. Rb3 1-0

[Event "4NCL Division 1b"]
[Site "Hinckley Island ENG"]
[Date "2014.01.12"]
[Round "4.185"]
[White "Murphy, Hugh W"]
[Black "Wadsworth, Matthew J"]
[Result "1/2-1/2"]
[WhiteElo "2155"]
[BlackElo "2185"]
[PlyCount "70"]
[EventDate "2014.01.12"]
[WhiteTeam "Grantham Sharks 2"]
[BlackTeam "Guildford 2"]

1. e4 e6 2. Nf3 d5 3. Nc3 Nf6 4. e5 Nfd7 5. d4 c5 6. dxc5 Nc6 7. Bf4 Bxc5 8.
Bd3 f6 9. exf6 Nxf6 10. O-O O-O 11. Ne5 Bd7 12. Qf3 Qe7 13. Rae1 Rae8 14. Qh3
Nxe5 15. Bxe5 g6 16. Kh1 Bc6 17. f4 Bd6 18. Nb5 Bxe5 19. Rxe5 Nd7 20. Rg5 Rf6
21. Re1 Nc5 22. Nd4 Nxd3 23. Qxd3 Rxf4 24. Rge5 Qf6 25. h3 Bd7 26. Qe3 Rf1+ 27.
Rxf1 Qxf1+ 28. Kh2 Qf6 29. c3 Rf8 30. Ne2 Qf2 31. Qd3 a6 32. c4 Bc6 33. Rxe6
dxc4 34. Qg3 Qf1 35. Rxg6+ hxg6 1/2-1/2